000 00981nam a2200229 a 4500
001 BRCA_1693
005 20190320203518.0
008 820701s1976 sp-a---###---f000-0#spa-#
020 _a8436905111
040 _aDLC
_cDLC
_dDLC
050 4 _aF1219.56
_b.V53 1976
100 1 _aVicenta Cortés, Alonso
_95293
245 1 0 _aPintura del gobernador, alcaldes y regidores de México
_bCódice Osuna
_cestudio y transcripción por Vicenta Cortés Alonso.
260 _aMadrid
_bServicio de Publicaciones del Ministerio de Educación y Ciencia, Dirección General de Archivos y Bibliotecas
_c1976
300 _a1 v. (sin paginación)
_bil. blanco y negro
_c34 cm.
500 _aCompañero del volúmen de la edición facsímilar publicado por el Ministerio en 1973
630 0 4 _aCódice Osuna
_95294
650 1 4 _aIndígenas de México
_xRelaciones de gobierno
_95295
650 1 4 _aAztecas
_xRelaciones de gobierno
_95296
650 1 4 _aManuscritos nahuas
_xFacsímil
_95297
942 _2lcc
_cB
999 _c1484
_d1484